000
00266nam a22001337a 4500
999
_c
166077
_d
166077
020
_a
082
_a
_b
100
_a
Shooba K S
245
_a
M N Vijayante lokangal/
_c
by Shooba K S.
260
_a
_b
_c
2010.
300
_a
486p.
650
_a
942
_c
BK